ERM vo finančných inštitúciách

Teoretické základy ERM. Otázky finančnej teórie. Substitúty kapitálu.

Guardado en:
Detalles Bibliográficos
Autor principal: Onder, Štěpán
Formato: Capítulo de libro
Lenguaje:eslovaco
Materias:
Etiquetas: Agregar Etiqueta
Sin Etiquetas, Sea el primero en etiquetar este registro!

MARC

LEADER 00000naa$a2200000$$$4500
001 0079014
005 20231107121446.2
041 0 |a slo 
044 |a SK 
245 1 0 |a ERM vo finančných inštitúciách  |c Štěpán Onder 
520 |a Teoretické základy ERM. Otázky finančnej teórie. Substitúty kapitálu. 
610 2 0 |a riadenie rizík 
610 2 0 |a náklady 
610 2 0 |a investície 
610 2 0 |a kultúra podniková 
100 1 |a Onder, Štěpán